Destiny or free will the human paradox (Record no. 317345)
[ view plain ]
| 000 -LEADER | |
|---|---|
| fixed length control field | 00379 a2200145 4500 |
| 001 - CONTROL NUMBER | |
| control field | 82272 |
| 020 ## - INTERNATIONAL STANDARD BOOK NUMBER | |
| International Standard Book Number | 978-969-494-546-0 |
| 082 ## - DEWEY DECIMAL CLASSIFICATION NUMBER | |
| Classification number | 123.5/SAL |
| 090 ## - LOCALLY ASSIGNED LC-TYPE CALL NUMBER (OCLC); LOCAL CALL NUMBER (RLIN) | |
| -- | 39899 |
| -- | 39899 |
| 100 ## - MAIN ENTRY--PERSONAL NAME | |
| Personal name | Salahuddin S.V. |
| 245 ## - TITLE STATEMENT | |
| Title | Destiny or free will the human paradox |
| Medium | English |
| 260 ## - PUBLICATION, DISTRIBUTION, ETC. | |
| Place of publication, distribution, etc. | Karachi |
| Name of publisher, distributor, etc. | Paramount Publishing Enterprise |
| 300 ## - PHYSICAL DESCRIPTION | |
| Extent | 244p. |
| 500 ## - GENERAL NOTE | |
| General note | General Collection |
| 942 ## - ADDED ENTRY ELEMENTS (KOHA) | |
| Institution code [OBSOLETE] | CAE NUST |
| Call number prefix | 123.5/SAL |
| Withdrawn status | Lost status | Damaged status | Not for loan | Collection code | Permanent Location | Current Location | Date acquired | Total Checkouts | Full call number | Barcode | Date last seen | Price effective from | Koha item type |
|---|---|---|---|---|---|---|---|---|---|---|---|---|---|
| College of Aeronautical Engineering (CAE) | College of Aeronautical Engineering (CAE) | 04/03/2017 | 123.5/SAL | CAE82922 | 04/05/2017 | 04/05/2017 | Book |
